[Event "Paris Universities-ch"]
[Site "Paris"]
[Date "2019.02.02"]
[Round "4"]
[White "Mercier, Mathys"]
[Black "Eden, James"]
[Result "0-1"]
[WhiteElo "1889"]
[BlackElo "2338"]
[PlyCount "66"]
[EventDate "2019.02.01"]
[EventType "swiss"]
[EventRounds "9"]
[EventCountry "FRA"]
[SourceTitle "CBM 188 Extra"]
[Source "ChessBase"]
[SourceDate "2019.02.26"]
[SourceVersion "1"]
[SourceVersionDate "2019.02.26"]
[SourceQuality "1"]

1. e4 c5 2. d4 cxd4 3. c3 dxc3 4. Nxc3 d6 5. Nf3 Nc6 6. Bc4 Nf6 7. e5 dxe5 8. Qxd8+ Nxd8 9. Nb5 Rb8 10. Nxe5 e6 11. Nc7+ Ke7 12. Bd2 Nc6 13. Bc3 Ne4 14. Na6 Ra8 15. Nc7 Nxc3 16. Nxc6+ bxc6 17. Nxa8 Nd5 18. 0-0 Bb7 19. Bxd5 exd5 20. Nc7 Kd7 21. Rfe1 Bd6 22. Nxd5 cxd5 23. Rac1 h5 24. a3 h4 25. Rc3 Rh6 26. Rf3 f6 27. b4 Rg6 28. g3 hxg3 29. fxg3 Rg4 30. Re2 a5 31. b5 Rc4 32. h4 Rc1+ 33. Rf1 Bc5+ 0-1